000 00345nam a22001457a 4500
008 221221b ||||| |||| 00| 0 eng d
020 _a9780199239153
041 _aeng
080 _2THIRD EDITION
_a34
082 _a34GRA
100 _a32
101 _aJUREDIK
245 _aINTERNATIONAL LAW AND THE USE OF FORCE
_cGRAY CH
942 _2udc
_cBK
999 _c59220
_d59220